| 000 | 00603nam a22001817a 4500 | ||
|---|---|---|---|
| 999 |
_c11311 _d11311 |
||
| 008 | 181116b ||||| |||| 00| 0 eng d | ||
| 020 | _a978-971-23-8252-9 | ||
| 082 |
_22017 _aDFil 345.599 _bR330 |
||
| 100 |
_aReyes, Luis B. _932545 |
||
| 245 |
_aThe revised penal code: _bcriminal law (Book 2) articles 114-367 / _cLuis B. Reyes |
||
| 250 | _aNineteenth Edition | ||
| 260 |
_aManila: _bRex Book Store, _c©2017. |
||
| 300 |
_axlii, 1133 pages; _billustrations: _c23 cm. |
||
| 500 | _aIncludes appendix. | ||
| 650 |
_aCriminal law -- Philippines _931519 |
||
| 365 |
_b2220.00 _cPhp. |
||
| 942 |
_2ddc _cDFIL |
||